000
00333 a2200157 4500
001
152334
040
_c
Escola São Tomás de Aquino
100
_a
SABINO, Fernando
240
1
0
_a
Crônicas 1
_l
por
245
1
0
_a
Crônicas 1
300
_a
86
362
0
_a
2010
440
1
_a
Ática
697
_a
*LITERATURA JUVENIL
942
_c
BK
999
_c
152334
_d
152334